000 00878cam a2200241 a 4500
003 CO-ViMGA
005 20230915225027.0
008 010621s2000 ck a r 00010 spa d
020 _a9582005769
040 _aCO-ViMGA
_bspa
_cCO-ViMGA
082 0 4 _a372.5
_bC65e
_21 ed.
100 1 _aOscar Ibarra Russi
_9819
110 1 _aColombia.
_bMinisterio de Educación Nacional.
_bGrupo de Investigación Pedagógica.
_9820
245 1 0 _aEducación artística :
_blineamientos curriculares /
_cMinisterio de Educación Nacional.
260 _aBogotá :
_bCooperativa Editorial Magisterio,
_c2000.
300 _a223 p. :
_bil. ;
_c24 cm.
500 _aSubtítulo tomado de la carátula.
504 _aIncluye bibliografías.
650 1 4 _aArte
_x Enseñanza.
_9821
650 1 4 _aArte
_x Planes de estudio.
_9822
650 6 _aPlanificación curricular.
_9484
942 _2ddc
_cBK
999 _c12140
_d12140